European Coastline? Quiz Stats

 Plays Quiz Updated Jul 14, 2016

Challenge
Share
Tweet
Embed
Score 0/47 Timer 04:00
28 Plays Today
Country Coastline (Y) or (N)? % Correct
United Kingdom???
92.9%
Italy???
92.9%
Spain???
92.9%
Ireland???
92.7%
Iceland???
92.7%
Greece???
92.6%
Portugal???
92.5%
Norway???
92.5%
France???
92.5%
Finland???
92.3%
Russia???
92.2%
Denmark???
92.1%
Sweden???
91.8%
Cyprus???
91.5%
Netherlands???
91.2%
Turkey???
90.8%
Malta???
89.1%
Liechtenstein???
87.9%
Germany???
86.2%
Austria???
85.7%
Vatican City???
85.7%
Switzerland???
85.6%
Luxembourg???
85.6%
Czechia???
84.8%
Country Coastline (Y) or (N)? % Correct
Monaco???
84%
Belgium???
83.1%
Estonia???
81.8%
Croatia???
81.7%
Hungary???
81%
Andorra???
80.6%
Slovakia???
79.8%
Latvia???
79%
Poland???
76.6%
Kosovo???
76.3%
Belarus???
75.4%
Lithuania???
74.8%
Albania???
74.2%
Moldova???
72.7%
Serbia???
65.3%
San Marino???
64.4%
Bosnia and Herzegovina???
62.8%
Montenegro???
61%
Macedonia???
60.6%
Bulgaria???
60.5%
Ukraine???
57.8%
Slovenia???
57.1%
Romania???
52.9%

You're not logged in!

Compare scores with friends on all Sporcle quizzes.
OR
Log In

You Might Also Like...

Show Comments

Extras

Top Quizzes Today


Score Distribution

Your Account Isn't Verified!

In order to create a playlist on Sporcle, you need to verify the email address you used during registration. Go to your Sporcle Settings to finish the process.

Report this User

Report this user for behavior that violates our Community Guidelines.

Details: